000 01021nam a22003017a 4500
003 CHAP
005 20220329141526.0
008 971013s r 00010 d
010 _a69586
011 _a70558
035 _a80039
040 _cCHAP
090 _aR-3168
100 0 0 _aSedjo, Roger A.
_9103572
245 _aProperty rights and the protection of plant genetic resources
500 _a34-245
500 _aSobretiro de: Roger A. Sedjo seeds and sovereignty : The use and control of plant genetic resources. -- Durham, N.C.: Duke University, 1988. pp. 293-314
590 _aBATCH-UPD
_b10
_c20130110
_lUCH01
_h0401
590 _aBATCH-UPD
_b10
_c20130110
_lUCH01
_h2102
590 _aBATCH-UPD
_b10
_c20130410
_lUCH01
_h0034
590 _aBATCH-UPD
_b10
_c20130914
_lUCH01
_h1542
590 _aCONVERSION
_b10
_c20130109
_lUCH01
_h1338
650 1 4 _aGermoplasma.
_947766
650 1 4 _aRecursos genéticos
_xLeyes.
_995083
901 _aBK
942 _cREIMP
949 _aR-3168
_bBC
_cR
_d-32934
_eTS1
_i80039
_si
999 _c69586
_d69586